Loading...

ആത്മകഥ /

Bibliografiske detaljer
Hovedforfatter: Subhash chandra bose
Andre forfattere: Moosakkutty,N (Translator)
Format: Printed Book
Sprog:Malayalam
Udgivet: Kozhikode: Mathrubhumi Books, 2016.
Udgivelse:2nd ed
Fag:
LEADER 00638nam a22001937a 4500
008 170315b xxu||||| |||| 00| 0 mal d
999 |c 235332  |d 235332 
020 |a 9788182667600 
082 |a 923.2S SUB/A 
100 |a Subhash chandra bose 
245 |a ആത്മകഥ /  |c Subhash chandra bose 
250 |a 2nd ed 
260 |a Kozhikode:  |b Mathrubhumi Books,  |c 2016. 
300 |b 191p. 
650 |a Autobiography 
700 |a Moosakkutty,N  |e Translator 
942 |c BK 
246 |a Athmakadha/ 
952 |0 0  |1 0  |4 0  |6 923_000000000000000_2S_SUB_A  |7 0  |9 261287  |a MAL  |b MAL  |c ST1  |d 2017-03-15  |g 170.00  |l 0  |o 923.2S SUB/A  |p MAL39031  |r 2017-03-15  |w 2017-03-15  |y BK